000 00598nam a2200205Ia 4500
001 6060
003 GE_BSU
008 181216s||||||||xx |||||||||||||| ||und||
040 _cGE_BSU
080 _a821.353.1-32
100 _aარაგვისპირელი, შიო
245 _aმოთხრობები
245 _cრედ. კ. ბობოხიძე
260 _aთბილისი
260 _bსაბჭოთა საქართველო
260 _c1961
300 _a515გვ. 21სმ.
653 _aმოთხრობები
942 _cBK
999 _c39466
_d39466